000 00823nam a2200217Ii 4500
003 JO-AjNU
008 230605s9999||||xx |||||||||||||| ||und||
020 _a1-56564-343-7
040 _aJO-AjNU
_bara
_erda
_cJO-AjNU
041 _aara
050 1 4 _aBP173.75 2010
100 3 _aغيث، مجدي علي محمد,
_eauthor
_952461
245 0 0 _aنظرية الحسم الزمني في الإقتصاد الإسلامي
250 _aط1
264 3 1 _aفيرجينيا: المعهد العالمي للفكر الاسلامي، 2010
300 _a288ص
_bقائمة المراجع ص265-283 ؛ فهرس المصطلحات والاعلام ص285-288
336 _atext
_btxt
_2rdacontent
337 _aunmediated
_bn
_2rdamedia
338 _avolume
_bnc
_2rdacarrier
650 4 _aالاسلام والاقتصاد
_952462
999 _aA23240
_c26808
_d26808